Hlas Mošoviec

Bibliographic Details
Format: Journal
Language:Slovak
Published: Mošovce Obecný úrad 1991-
Subjects:
Online Access:http://www.mosovce.sk/hlas-mosoviec.phtml?id5=8398&id2=0

MARC

LEADER 00000cas a2200000 a 4500
001 vtls008774972
003 SK-MaSNL
005 20260228161050.0
008 151202c19669999xo zr|p 0 b0slo
040 |a SNK  |b slo  |c SNK  |e AACR2 
041 0 |a slo 
043 |a e-xo--- 
044 |a xo  |c SK 
072 7 |a 35  |x Verejná správa  |2 konspekt 
072 7 |a 316  |x Sociológia  |2 konspekt 
080 |a 35  |2 2011 
080 |a 316.728  |2 2011 
080 |a 050  |2 2011 
080 |a (437.6)  |2 2011 
245 0 0 |a Hlas Mošoviec 
260 |a Mošovce  |b Obecný úrad  |c 1991- 
300 |a zv.  |b fotogr.  |c 21-30 cm 
310 |a Premenlivá periodicita  |b 1976- 
362 0 |a Roč. [1966]-roč. XXX, č. 1 (jan.-dec. 2000) ; roč. XXXI, č. 1 (január 2003)- 
500 |a Od r. 1992-1995, a v r. 2000 zmena veľkosti formátu na 21 cm 
500 |a Redaktori sa menia 
500 |a V r. 2001-2002 prerušené vydávanie časopisu 
500 |a Predošlý podnázov: miestny občasník 
500 |a Registračné č.: SKO MT 6/95 
515 |a R. 1978 a 1982 označené roč. 12 
530 |a Dostupný v elektronickej podobe v PDF formáte od r. 2002 
650 0 7 |a verejná správa  |2 SNKPH  |9 1538 
650 0 7 |a spoločenský život  |2 SNKPH  |9 28654 
651 7 |a Mošovce (Turčianske Teplice, Slovensko)  |2 SNKPH  |9 72655 
655 7 |a miestne periodiká  |2 SNKPH  |9 160938 
710 2 |a Mošovce (Turčianske Teplice, Slovensko).  |b Obecný úrad  |4 pbl  |9 89789 
856 4 1 |u http://www.mosovce.sk/hlas-mosoviec.phtml?id5=8398&id2=0 
910 |a snk 
916 |a 1976-2014, 2015-2016 
999 |c 4213  |d 6143 
952 |0 0  |1 0  |4 0  |7 0  |8 1  |a SNK  |b SNK  |d 1997-05-15  |f 1  |i snkD 112/82  |l 0  |o snkČSB 3111/12/1978  |p 17A0067263  |r 2005-01-02 00:00:00  |t č. 1-3  |w 2026-02-21  |y PREZ 
952 |0 0  |1 0  |4 0  |7 0  |8 1  |a SNK  |b SNK  |d 1997-05-15  |f 1  |i snkD 111/82  |l 0  |o snkČSB 3111/11/1977  |p 17A0067264  |r 2005-01-02 00:00:00  |t č. 1-6, neúplné  |w 2026-02-21  |y PREZ  |z Chýba č. 2 
952 |0 0  |1 0  |3 Spoločne zviazané r. 2017-2020  |4 0  |7 0  |8 0  |a SNK  |b SNK  |d 2021-07-27  |i snk2021/9337  |l 0  |o snkČSB 3111/45/2017  |p 17A1435296  |r 2026-02-21 20:00:12  |t č. 1  |w 2026-02-21  |y PREZ  |z Spoločne zviazané r. 2017-2020 
952 |0 0  |1 0  |3 Spoločne zviazané r. 2017-2020  |4 0  |7 0  |8 0  |a SNK  |b SNK  |d 2021-07-27  |i snk2021/9337  |l 0  |o snkČSB 3111/46/2018  |p 17A1435295  |r 2026-02-21 20:00:13  |t č. 1  |w 2026-02-21  |y PREZ  |z Spoločne zviazané r. 2017-2020 
952 |0 0  |1 0  |3 Spoločne zviazané r. 2017-2020  |4 0  |7 0  |8 0  |a SNK  |b SNK  |d 2021-07-27  |i snk2021/9337  |l 0  |o snkČSB 3111/47/2019  |p 17A1435294  |r 2026-02-21 20:00:13  |t č. 1  |w 2026-02-21  |y PREZ  |z Spoločne zviazané r. 2017-2020 
952 |0 0  |1 0  |3 Spoločne zviazané r. 2017-2020  |4 0  |7 0  |8 0  |a SNK  |b SNK  |d 2021-07-27  |i snk2021/9337  |l 0  |o snkČSB 3111/48/2020  |p 17A1435293  |r 2026-02-21 20:00:13  |t č. 1  |w 2026-02-21  |y PREZ  |z Spoločne zviazané r. 2017-2020 
952 |0 0  |1 0  |4 0  |7 0  |a SNK  |b SNK  |d 2001-08-06  |f 1  |i snkČSP 2608/86  |l 0  |o snkČSB 3111/12/1982  |p 17A0309458  |r 2005-01-02 00:00:00  |t č. 1-2  |w 2026-02-21  |y PREZ 
952 |0 0  |1 0  |4 0  |7 0  |a SNK  |b SNK  |d 2001-08-06  |f 1  |i snkČSP 995/84  |l 0  |o snkČSB 3111/13/1983  |p 17A0309439  |r 2005-01-02 00:00:00  |t č. 1-6  |w 2026-02-21  |y PREZ 
952 |0 0  |1 0  |4 0  |7 0  |a SNK  |b SNK  |d 2001-08-06  |f 1  |i snkČSP 2609/86  |l 0  |o snkČSB 3111/14/1984  |p 17A0309277  |r 2005-01-02 00:00:00  |t č. 1-4  |w 2026-02-21  |y PREZ 
952 |0 0  |1 0  |4 0  |7 0  |a SNK  |b SNK  |d 2001-08-06  |f 1  |i snkČSP 2610/86  |l 0  |o snkČSB 3111/15/1985  |p 17A0309291  |r 2005-01-02 00:00:00  |t č. 1-3  |w 2026-02-21  |y PREZ 
952 |0 0  |1 0  |4 0  |7 0  |a SNK  |b SNK  |d 2001-08-06  |f 1  |i snkČSP 5221/88  |l 0  |o snkČSB 3111/16/1986  |p 17A0309292  |r 2005-01-02 00:00:00  |t č. 1-2  |w 2026-02-21  |y PREZ 
952 |0 0  |1 0  |4 0  |7 0  |a SNK  |b SNK  |d 2001-08-06  |f 1  |i snkČSP 5222/88  |l 0  |o snkČSB 3111/17/1987  |p 17A0309336  |r 2005-01-02 00:00:00  |t č. 1-3  |w 2026-02-21  |y PREZ 
952 |0 0  |1 0  |4 0  |7 0  |a SNK  |b SNK  |d 2001-08-06  |f 1  |i snkČSP 4565/89  |l 0  |o snkČSB 3111/18/1988  |p 17A0309222  |r 2005-01-02 00:00:00  |t č. 1-4  |w 2026-02-21  |y PREZ 
952 |0 0  |1 0  |4 0  |7 0  |a SNK  |b SNK  |d 2001-08-06  |f 1  |i snkČSP 3038/90  |l 0  |o snkČSB 3111/19/1989  |p 17A0309353  |r 2005-01-02 00:00:00  |t č. 1-3  |w 2026-02-21  |y PREZ 
952 |0 0  |1 0  |4 0  |7 0  |a SNK  |b SNK  |d 2001-08-06  |f 1  |i snkČSP 5568/93  |l 0  |o snkČSB 3111/20/1990  |p 17A0309335  |r 2005-01-02 00:00:00  |t č. 1-3  |w 2026-02-21  |y PREZ 
952 |0 0  |1 0  |4 0  |7 0  |a SNK  |b SNK  |d 2001-08-06  |f 1  |i snkČSP 5569/93  |l 0  |o snkČSB 3111/21/1991  |p 17A0309355  |r 2005-01-02 00:00:00  |t č. 1  |w 2026-02-21  |y PREZ 
952 |0 0  |1 0  |4 0  |7 0  |a SNK  |b SNK  |d 2001-08-06  |f 1  |i snkČSP 5567/93  |l 0  |o snkČSB 3111/22/1992  |p 17A0309354  |r 2005-01-02 00:00:00  |t č. 1-2  |w 2026-02-21  |y PREZ 
952 |0 0  |1 0  |4 0  |7 0  |8 0  |a SNK  |b SNK  |d 2015-11-30  |f 1  |i snk2015/32217  |l 0  |o snkČSB 3111/29/1999  |p 17A1097391  |r 2026-02-21 21:46:37  |t č. 1-2  |w 2026-02-21  |y PREZ 
952 |0 0  |1 0  |4 0  |7 0  |8 0  |a SNK  |b SNK  |d 2015-11-30  |i snk2015/32219  |l 0  |o snkČSB 3111/29/1999 D1  |p 17A1097392  |r 2026-02-21 21:46:37  |t č. 1-2  |w 2026-02-21  |y PREZ 
952 |0 0  |1 0  |4 0  |7 0  |8 0  |a SNK  |b SNK  |d 2015-11-27  |f 1  |i snk2015/32078  |l 0  |o snkČSB 3111/23/1992-93  |p 17A1097379  |r 2026-02-21 21:46:38  |t č. 1-3  |w 2026-02-21  |y PREZ 
952 |0 0  |1 0  |4 0  |7 0  |8 0  |a SNK  |b SNK  |d 2015-11-27  |i snk2015/32081  |l 0  |o snkČSB 3111/23/1992-93 D1  |p 17A1097380  |r 2026-02-21 21:46:39  |t č. 1-3  |w 2026-02-21  |y PREZ 
952 |0 0  |1 0  |4 0  |7 0  |8 0  |a SNK  |b SNK  |d 2015-11-27  |f 1  |i snk2015/32092  |l 0  |o snkČSB 3111/25/1995  |p 17A1097381  |r 2026-02-21 21:46:39  |t č. 1-2  |w 2026-02-21  |y PREZ 
952 |0 0  |1 0  |4 0  |7 0  |8 0  |a SNK  |b SNK  |d 2015-11-27  |f 1  |i snk2015/32096  |l 0  |o snkČSB 3111/24/1994  |p 17A1097382  |r 2026-02-21 21:46:39  |t č. 1-2  |w 2026-02-21  |y PREZ 
952 |0 0  |1 0  |4 0  |7 0  |8 0  |a SNK  |b SNK  |d 2015-11-27  |i snk2015/32098  |l 0  |o snkČSB 3111/25/1995 D1  |p 17A1097383  |r 2026-02-21 21:46:39  |t č. 1-2  |w 2026-02-21  |y PREZ 
952 |0 0  |1 0  |4 0  |7 0  |8 0  |a SNK  |b SNK  |d 2015-11-27  |f 1  |i snk2015/32104  |l 0  |o snkČSB 3111/26/1996  |p 17A1097384  |r 2026-02-21 21:46:39  |t č. 1-2  |w 2026-02-21  |y PREZ 
952 |0 0  |1 0  |4 0  |7 0  |8 0  |a SNK  |b SNK  |d 2015-11-27  |i snk2015/32106  |l 0  |o snkČSB 3111/26/1996 D1  |p 17A1097385  |r 2026-02-21 21:46:39  |t č. 1-2  |w 2026-02-21  |y PREZ 
952 |0 0  |1 0  |4 0  |7 0  |8 0  |a SNK  |b SNK  |d 2015-11-27  |i snk2015/32134  |l 0  |o snkČSB 3111/24/1994 D1  |p 17A1097386  |r 2026-02-21 21:46:39  |t č. 1-2  |w 2026-02-21  |y PREZ 
952 |0 0  |1 0  |4 0  |7 0  |8 0  |a SNK  |b SNK  |d 2015-11-27  |f 1  |i snk2015/32135  |l 0  |o snkČSB 3111/27/1997  |p 17A1097387  |r 2026-02-21 21:46:39  |t č. 1  |w 2026-02-21  |y PREZ 
952 |0 0  |1 0  |4 0  |7 0  |8 0  |a SNK  |b SNK  |d 2015-11-27  |i snk2015/32140  |l 0  |o snkČSB 3111/27/1997 D1  |p 17A1097388  |r 2026-02-21 21:46:39  |t č. 1  |w 2026-02-21  |y PREZ 
952 |0 0  |1 0  |4 0  |7 0  |8 0  |a SNK  |b SNK  |d 2015-11-27  |f 1  |i snk2015/32141  |l 0  |o snkČSB 3111/28/1998  |p 17A1097389  |r 2026-02-21 21:46:39  |t č. 1-2  |w 2026-02-21  |y PREZ 
952 |0 0  |1 0  |4 0  |7 0  |8 0  |a SNK  |b SNK  |d 2015-11-27  |i snk2015/32146  |l 0  |o snkČSB 3111/28/1998 D1  |p 17A1097390  |r 2026-02-21 21:46:39  |t č. 1-2  |w 2026-02-21  |y PREZ 
952 |0 0  |1 0  |4 0  |7 0  |8 0  |a SNK  |b SNK  |d 2015-11-30  |f 1  |i snk2015/32253  |l 0  |o snkČSB 3111/34/2006  |p 17A1097399  |r 2026-02-21 21:46:43  |t č. 1  |w 2026-02-21  |y PREZ 
952 |0 0  |1 0  |4 0  |7 0  |8 0  |a SNK  |b SNK  |d 2015-11-30  |f 1  |i snk2015/32254  |l 0  |o snkČSB 3111/35/2007  |p 17A1097400  |r 2026-02-21 21:46:43  |t č. 1  |w 2026-02-21  |y PREZ 
952 |0 0  |1 0  |4 0  |7 0  |8 0  |a SNK  |b SNK  |d 2015-11-30  |f 1  |i snk2015/32255  |l 0  |o snkČSB 3111/36/2008  |p 17A1097401  |r 2026-02-21 21:46:43  |t č. 1  |w 2026-02-21  |y PREZ 
952 |0 0  |1 0  |4 0  |7 0  |8 0  |a SNK  |b SNK  |d 2015-11-30  |f 1  |i snk2015/32256  |l 0  |o snkČSB 3111/37/2009  |p 17A1097402  |r 2026-02-21 21:46:43  |t č. 1  |w 2026-02-21  |y PREZ 
952 |0 0  |1 0  |4 0  |7 0  |8 0  |a SNK  |b SNK  |d 2015-11-30  |f 1  |i snk2015/32257  |l 0  |o snkČSB 3111/38/2010  |p 17A1097403  |r 2026-02-21 21:46:43  |t č. 1  |w 2026-02-21  |y PREZ 
952 |0 0  |1 0  |4 0  |7 0  |8 0  |a SNK  |b SNK  |d 2015-11-30  |f 1  |i snk2015/32259  |l 0  |o snkČSB 3111/39/2011  |p 17A1097404  |r 2026-02-21 21:46:43  |t č. 1  |w 2026-02-21  |y PREZ 
952 |0 0  |1 0  |4 0  |7 0  |8 0  |a SNK  |b SNK  |d 2015-11-30  |f 1  |i snk2015/32260  |l 0  |o snkČSB 3111/40/2012  |p 17A1097405  |r 2026-02-21 21:46:43  |t č. 1  |w 2026-02-21  |y PREZ 
952 |0 0  |1 0  |4 0  |7 0  |8 0  |a SNK  |b SNK  |d 2015-11-30  |f 1  |i snk2015/32261  |l 0  |o snkČSB 3111/41/2013  |p 17A1097406  |r 2026-02-21 21:46:43  |t č. 1  |w 2026-02-21  |y PREZ 
952 |0 0  |1 0  |4 0  |7 0  |8 0  |a SNK  |b SNK  |d 2015-11-30  |f 1  |i snk2015/32262  |l 0  |o snkČSB 3111/42/2014  |p 17A1097407  |r 2026-02-21 21:46:43  |t č. 1  |w 2026-02-21  |y PREZ 
952 |0 0  |1 0  |4 0  |7 0  |8 0  |a SNK  |b SNK  |d 2015-11-30  |f 1  |i snk2015/32221  |l 0  |o snkČSB 3111/30/2000  |p 17A1097393  |r 2026-02-21 21:46:43  |t č. 1  |w 2026-02-21  |y PREZ 
952 |0 0  |1 0  |4 0  |7 0  |8 0  |a SNK  |b SNK  |d 2015-11-30  |i snk2015/32224  |l 0  |o snkČSB 3111/30/2000 D1  |p 17A1097394  |r 2026-02-21 21:46:43  |t č. 1  |w 2026-02-21  |y PREZ 
952 |0 0  |1 0  |4 0  |7 0  |8 0  |a SNK  |b SNK  |d 2015-11-30  |f 1  |i snk2015/32227  |l 0  |o snkČSB 3111/31/2003  |p 17A1097395  |r 2026-02-21 21:46:44  |t č. 1  |w 2026-02-21  |y PREZ 
952 |0 0  |1 0  |4 0  |7 0  |8 0  |a SNK  |b SNK  |d 2015-11-30  |i snk2015/32229  |l 0  |o snkČSB 3111/31/2003 D1  |p 17A1097396  |r 2026-02-21 21:46:44  |t č. 1  |w 2026-02-21  |y PREZ 
952 |0 0  |1 0  |4 0  |7 0  |8 0  |a SNK  |b SNK  |d 2015-11-30  |f 1  |i snk2015/32232  |l 0  |o snkČSB 3111/32/2004  |p 17A1097397  |r 2026-02-21 21:46:44  |t č. 1  |w 2026-02-21  |y PREZ 
952 |0 0  |1 0  |4 0  |7 0  |8 0  |a SNK  |b SNK  |d 2015-11-30  |f 1  |i snk2015/32233  |l 0  |o snkČSB 3111/33/2005  |p 17A1097398  |r 2026-02-21 21:46:44  |t č. 1  |w 2026-02-21  |y PREZ 
952 |0 0  |1 0  |4 0  |7 0  |a SNK  |b SNK  |d 2015-12-07  |f 1  |i snkD 113/82  |l 0  |o snkČSB 3111/10/1976  |p 17A1097411  |r 2026-02-21 21:46:51  |t č. 5  |w 2026-02-21  |y PREZ 
952 |0 0  |1 0  |4 0  |7 0  |8 0  |a SNK  |b SNK  |d 2017-02-21  |i snk2017/4676  |l 0  |o snkČSB 3111/43/2015  |p 17A1148246  |r 2026-02-21 21:55:44  |t č. 1  |w 2026-02-21  |y PREZ 
952 |0 0  |1 0  |4 0  |7 0  |8 0  |a SNK  |b SNK  |d 2017-02-21  |i snk2017/4678  |l 0  |o snkČSB 3111/44/2016  |p 17A1148247  |r 2026-02-21 21:55:44  |t č. 1  |w 2026-02-21  |y PREZ